| 000 | 00491cam a22001337a 4500 | ||
|---|---|---|---|
| 008 | 180718b1963 xxu||||| |||| 00| 0 eng d | ||
| 082 | _aB5x561 In7 | ||
| 100 | _aRibas, J. | ||
| 245 |
_aDevlet personnel teskilati inecelemeleri: (Belcika - Ingiltere - Fransa) _cby J. Ribas |
||
| 260 |
_aAnkara _bInstitute of Public Administration for Turkey and the Middle East _c1963 |
||
| 300 | _a13 pts in 1 | ||
| 500 | _a(Part of the pamphlets bound to gather) | ||
| 650 | _aPublic Administration - Turkey | ||
| 999 |
_c370713 _d370713 |
||